Catalog

Record Details

Catalog Search



Available copies

  • 1 of 2 copies available at LARL/NWRL Consortium.
  • 1 of 2 copies available at Lake Agassiz Regional Library. (Show preferred library)

Current holds

0 current holds with 2 total copies.

Show Only Available Copies
Location Call Number / Copy Notes Barcode Shelving Location Status Due Date
Crookston Public Library J 523.3 AGU (Text) 33500013080296 Main Available -
Moorhead Public Library J 523.3 AGU (Text) 33500013080304 Main Checked out 07/11/2026

Record details

  • ISBN: 9781426333224
  • ISBN: 1426333226
  • ISBN: 9781426333231
  • ISBN: 1426333234
  • Physical Description: 63 pages : illustrations (chiefly color) ; 23 cm.
  • Publisher: Washington, D.C. : National Geographic, [2019]

Content descriptions

Bibliography, etc. Note:
Includes bibliographical references (pages 62-63) ... Read More
Summary, etc.:
Provides facts about the moon, looks at the ... Read More
Subject: Moon > Juvenile literature.
Moon > Exploration > Juvenile literature.
Moon.
Moon > Exploration.
LDR 01349cam a2200385Ii 4500
001310752
003LARL_NWRL_CONSORTIUM
00520190612153803.0
008190604s2019 dcua j b 001 0 eng d
010 . ‡abl2019016368
040 . ‡aNjBwBT ‡beng ‡cFMG ‡erda ‡dOCLCO
020 . ‡a9781426333224
020 . ‡a1426333226
020 . ‡a9781426333231 ‡qlib. bdg.
020 . ‡a1426333234 ‡qlib. bdg.
035 . ‡a(OCoLC)1103440474
08204. ‡a523.3 ‡223
1001 . ‡aAguilar, David A, ‡eauthor. ‡0(LARL_NWRL_CONSORTIUM)197825
24510. ‡aLuna : ‡bthe science and stories of our moon / ‡cDavid A. Aguilar.
264 1. ‡aWashington, D.C. : ‡bNational Geographic, ‡c[2019]
300 . ‡a63 pages : ‡billustrations (chiefly color) ; ‡c23 cm.
336 . ‡atext ‡2rdacontent
337 . ‡aunmediated ‡2rdamedia
338 . ‡avolume ‡2rdacarrier
4900 . ‡aNational Geographic kids
520 . ‡aProvides facts about the moon, looks at the history of lunar exploration, and examines its place in the human experience.
504 . ‡aIncludes bibliographical references (pages 62-63) and index.
651 0. ‡aMoon ‡vJuvenile literature. ‡0(LARL_NWRL_CONSORTIUM)26061
651 0. ‡aMoon ‡xExploration ‡vJuvenile literature. ‡0(LARL_NWRL_CONSORTIUM)26059
651 1. ‡aMoon. ‡0(LARL_NWRL_CONSORTIUM)177645
651 1. ‡aMoon ‡xExploration. ‡0(LARL_NWRL_CONSORTIUM)26058
901 . ‡a310752 ‡bOCoLC ‡c310752 ‡tbiblio ‡soclc

Additional Resources